000 00550nam a2200205 i 4500
001 15135
003 ES-MaACL
005 20230906151010.0
007 t|
008 991223s1999 sp ||||1| spa d
020 _a84-344-1186-5
080 _a316.356.2
100 1 _aFlaquer i Vilardebó, Lluís.
_951128
245 1 3 _aLa estrella menguante del padre /
_cLluís Flaquer.
250 _a1ª ed.
260 _aBarcelona :
_bAriel,
_c1999.
300 _a156 p. ;
_c21 cm.
650 4 _aFamilias.
_9153905
852 _aES-MaACL
_jL-22312
_bR.127650
999 _c15135
_d15135